Statistics for Fill in the Country

Click here to take the quiz!

General Stats

  • This quiz has been taken 71 times
  • The average score is 12 of 15

Answer Stats

HintAnswer% Correct
J....NJapan, Jordan
98%
M....OMexico, Montenegro, Monaco, Morocco
93%
I....AIndia, Indonesia
92%
P....UPalau, Peru
90%
N....ANigeria, North Korea, Namibia, Nicaragua
87%
S....NSouth Sudan, Sudan, Spain, Sweden
85%
T....ATanzania, Tunisia, Tonga
84%
B....SBelarus, Bahamas, Barbados
79%
L....NLiechtenstein, Lebanon
77%
F....EFrance
75%
I...DIceland, Ireland
72%
E...REast Timor, Ecuador, El Salvador
67%
C....ECape Verde, Côte d'Ivoire, Chile
64%
S...ESão Tomé and Príncipe, Sierra Leone, Singapore, Suriname
64%
U....MUnited Kingdom
44%

Score Distribution

Percentile by Number Answered

Percent of People with Each Score

Your Score History

You have not taken this quiz